Alex Warren Charting Songs (Billboard Hot 100) - Statistics

General Stats
  • This quiz has been taken 193 times
    13 since last reset
  • The average score is 4 of 7
Answer Stats
Album Weeks On Peak Artist(s) Song % Correct
You'll Be Alright, Kid 65 Weeks #1 (10 Weeks) Alex Warren Ordinary
100%
You'll Be Alright, Kid 20 Weeks #32 Alex Warren & Jelly Roll Bloodline
89%
You'll Be Alright, Kid 20 Weeks #16 Alex Warren Eternity
78%
Non-Album Single 14 Weeks #21 Alex Warren FEVER DREAM
67%
You'll Be Alright, Kid 2 Weeks #60 Alex Warren & ROSE On My Mind
56%
Non-Album Single 1 Week #87 Alex Warren Fine Place To Die
44%
You'll Be Alright, Kid (Chapter 1) 14 Weeks #69 Alex Warren Burning Down
0%
No matching quizzes found
Score Distribution
Percent of People with Each Score
Percentile by Number Answered
Your Score History
You have not taken this quiz since the last reset